Statistics for F1 2021 Driver Grid

Click here to take the quiz!

General Stats

  • This quiz has been taken 27 times
  • The average score is 18 of 20

Answer Stats

HintAnswer% Correct
MercedesUKLewis Hamilton
100%
Red BullNetherlandsMax Verstappen
100%
Aston MartinGermanySebastian Vettel
100%
MercedesFinlandValtteri Bottas
100%
FerrariMonacoCharles Leclerc
96%
AlpineSpainFernando Alonso
96%
Aston MartinCanadaLance Stroll
96%
MclarenUKLando Norris
96%
Red BullMexicoSergio Pérez
96%
FerrariSpainCarlos Sainz
92%
MclarenAustraliaDaniël Ricciardo
92%
Alpha TauriFrancePierre Gasly
92%
AlpineFranceEsteban Ocon
88%
HaasGermanyMick Schumacher
88%
Alpha TauriJapanYuki Tsunoda
88%
Alfa RomeoItalyAntonio Giovinazzi
80%
WilliamsCanadaNicholas Latifi
80%
HaasRussiaNikita Mazepin
80%
WilliamsUKGeorge Russell
76%
Alfa RomeoFinlandKimi Räikönnen
68%

Score Distribution

Percentile by Number Answered

Percent of People with Each Score

Your Score History

You have not taken this quiz